| 000 | 00000nam##2200000za#4500 |
| 001 | 9.516454 |
| 003 | CaOODSP |
| 005 | 20210615083010 |
| 007 | ta |
| 008 | 150406|1993||||xxc||||| f|0| 0 eng|d |
| 020 | |a0-660-57958-8 |
| 022 | |a0706-148X |
| 040 | |aCaOODSP|beng |
| 041 | |aeng |
| 041 | |afre |
| 043 | |an-cn--- |
| 086 | 1 |aS52-2/215-1993 |
| 110 | 1 |aCanada.|bSecretary of State of Canada. |bTranslation Bureau. |
| 245 | 10|aVocabulary of hazardous materials in the workplace / |cby Hélène Jacob. |
| 260 | |aOttawa - Ontario : |bSecretary of State of Canada. |c1993. |
| 300 | |a1039p. : |c22 cm. |
| 490 | 1 |aTerminology bulletin|x0706-148X|v215 |
| 504 | |aBibliography. |
| 520 | 3 |aIncludes more than 10,000 entries from the terminology of the Workplace Hazardous Materials Information System (WHMIS) and the Ingredient Disclosure List. Also covers vocabulary for occupational health and medicine, handling, emergency and safety measures, pollution, individual protection, and legislation. Terminology Bulletin 215. |
| 546 | |aBilingual |
| 563 | |aSoftcover |
| 590 | |a93-14|b1993-04-08 |
| 690 | 07|aDangerous products|2gcpds |
| 690 | 07|aTerminology|2gcpds |
| 720 | 1 |aJacob, Hélène |
| 776 | 0#|tVocabulaire des matières dangereuses utilisées au travail / |w(CaOODSP)9.590542 |
| 792 | |tVocabulaire des matières dangereuses utilisées au travail / |efre|w(CaOODSP)9.516455 |
| 830 | #0|aTerminology bulletin,|x0706-148X|v215|w(CaOODSP)9.509598 |